Statistics for Biggest European Cities as a Percent of the Country

Click here to take the quiz!

General Stats

  • This quiz has been taken 152 times
  • The average score is 25 of 38

Answer Stats

PercentageEuropean City% Correct
100%Vatican City
95%
13.45%London
91%
100%Monaco
91%
17.90%Budapest
89%
28.93%Athens
88%
20.00%Luxembourg
88%
12.68%Oslo
88%
21.41%Vienna
88%
22.54%Copenhagen
85%
11.62%Dublin
85%
32.70%Riga
85%
11.57%Helsinki
84%
36.75%Reykjavík
84%
32.13%Tallinn
84%
12.01%Prague
81%
10.56%Brussels
80%
20.79%Minsk
80%
17.35%Sofia
80%
14.49%Vaduz
80%
18.84%Vilnius
80%
16.42%Zagreb
80%
22.50%Andorra la Vella
79%
16.57%Belgrade
79%
10.46%Sarajevo
75%
24.29%Skopje
75%
24.27%Podgorica
72%
13.77%Tirana
72%
13.54%Ljubljana
71%
17.76%Chisinau
66%
10.34%Kaunas
31%
16.05%Schaan
22%
16.99%Escaldes-Engordany
9%
14.43%Serravalle / Dogana
9%
10.60%Kópavogur
7%
13.65%Triesen
5%
12.38%Balzers
4%
11.77%Eschen
3%
11.42%Mauren
2%

Score Distribution

Percentile by Number Answered

Percent of People with Each Score

Your Score History

You have not taken this quiz